书目信息 |
| 题名: |
盲犬小智
|
|
| 作者: | 户川幸夫 著 ;石田武雄 , 唐健儿 绘 | |
| 分册: | ||
| 出版信息: | 武汉 长江少年儿童出版社 2017 |
|
| 页数: | 204页 | |
| 开本: | 19cm | |
| 丛书名: | ||
| 单 册: | ||
| 中图分类: | I313.84 | |
| 科图分类: | ||
| 主题词: | 儿童小说--er tong xiao shuo--短篇小说--小说集--日本--现代 | |
| 电子资源: | ||
| ISBN: | 978-7-5560-4500-6 | |
| 000 | 01133nam0 22002651 450 | |
| 001 | 0127144047 | |
| 005 | 20170427144047.0 | |
| 010 | @a978-7-5560-4500-6@dCNY18.00 | |
| 100 | @a20170207d2017 em y0chiy50 ea | |
| 101 | 1 | @achi@cjpn |
| 102 | @aCN@b420000 | |
| 105 | @aa z 000ay | |
| 106 | @ar | |
| 200 | 1 | @a盲犬小智@Amang quan xiao zhi@f(日)户川幸夫著@g(日)石田武雄绘@g唐健儿译 |
| 210 | @a武汉@c长江少年儿童出版社@d2017 | |
| 215 | @a204页@c图@d19cm | |
| 300 | @a户川幸夫动物小说 | |
| 330 | @a本书包括《土佐犬物语》和《户仓雕》两个故事。《土佐犬物语》讲的是一只先天条件欠佳的土佐犬通过主人的精心调教和自身的努力,成长为一只闻名全国的优秀斗犬的故事,即使年老后双目失明,它依然创造了惊人的战绩;《户仓雕》借行者“阿彦”之口,讲述了凶猛的户仓雕伤害婴儿,激起了村民的愤怒,从此展开了一场惨烈的人雕大战的故事。 | |
| 606 | 0 | @a儿童小说@Aer tong xiao shuo@x短篇小说@x小说集@x日本@z现代 |
| 690 | @aI313.84@v5 | |
| 701 | 0 | @c(日)@a户川幸夫@Ahu chuan xing fu@4著 |
| 702 | 0 | @c(日)@a石田武雄@Ashi tian wu xiong@4绘 |
| 702 | 0 | @a唐健儿@Atang jian er@4译 |
| 801 | 0 | @aCN@bTANGWEI@c20170308 |
| 905 | @b0966463-6@dI313.84@e399@f4 | |
| 盲犬小智/(日)户川幸夫著/(日)石田武雄绘/唐健儿译.-武汉:长江少年儿童出版社,2017 |
| 204页:图;19cm |
| 户川幸夫动物小说 |
| ISBN 978-7-5560-4500-6:CNY18.00 |
| 本书包括《土佐犬物语》和《户仓雕》两个故事。《土佐犬物语》讲的是一只先天条件欠佳的土佐犬通过主人的精心调教和自身的努力,成长为一只闻名全国的优秀斗犬的故事,即使年老后双目失明,它依然创造了惊人的战绩;《户仓雕》借行者“阿彦”之口,讲述了凶猛的户仓雕伤害婴儿,激起了村民的愤怒,从此展开了一场惨烈的人雕大战的故事。 |
| ● |
| 相关链接 |
|
|
|
|
正题名:盲犬小智
索取号:I313.84/399
 
预约/预借
| 序号 | 登录号 | 条形码 | 馆藏地/架位号 | 状态 | 备注 |
| 1 | 0966463 | 209664638 | 第一样本阅览室/ [索取号:I313.84/399] | 在馆 | |
| 2 | 0966464 | 209664647 | 第二借阅区/ [索取号:I313.84/399] | 在馆 | |
| 3 | 0966465 | 209664656 | 第二借阅区/ [索取号:I313.84/399] | 在馆 | |
| 4 | 0966466 | 209664665 | 第二借阅区/ [索取号:I313.84/399] | 在馆 |